000 00586nam a2200205Ia 4500
001 23732
003 GE_BSU
008 181216s||||||||xx |||||||||||||| ||und||
040 _cGE_BSU
245 _aПедагогика №9. 2018.
245 _bНаучн-технич. журнал РА образования
245 _cГл. ред. Р.С.Бозиев
260 _aмосква
260 _c2018г.
300 _a128стр. 24 см.
653 _aПедагогика №9. 2018.
653 _aПериодика
653 _aპერიოდიკა
942 _cCR
999 _c56615
_d56615